| 000 | 01047nam a22002297a 4500 | ||
|---|---|---|---|
| 999 |
_c58898 _d58898 |
||
| 003 | Ge_BSU | ||
| 005 | 20221017140014.0 | ||
| 008 | 221017s2003 ge ||||| |||| 00| 0 geo d | ||
| 020 | _a9994016075 | ||
| 041 | _ageo | ||
| 080 | _a159.9 ი-93 | ||
| 100 |
_aიუნგი, კარლ გუსტავ _912135 |
||
| 245 |
_aანალიზური ფსიქოლოგიის საფუძვლები / _cკარლ გუსტავ იუნგი; [მთარგმნ.: ირინა ჯიოევი ; რედ.: ლევან ბრეგაძე]. |
||
| 250 | _a[მე-2 ქართ. გამოც.]. | ||
| 264 |
_aთბ. : _bდიოგენე, _c2003. |
||
| 300 |
_a206 გვ. ; _b20 სმ. |
||
| 653 | _aფსიქოლოგია | ||
| 653 | _aფსიქოანალიზი | ||
| 700 |
_aჯიოევი, ირინა _eმთარგმნელი _915338 |
||
| 700 |
_aბრეგაძე, ლევან _eმთარგმნელი _96769 |
||
| 942 |
_2udc _cBK |
||